| 000 | 01013nam a2200277 i 4500 | ||
|---|---|---|---|
| 003 | DO-SdBNP | ||
| 005 | 20250811092720.0 | ||
| 007 | ta | ||
| 008 | 250811t2025 dr 000 0 spa d | ||
| 020 | _z9789945295511 | ||
| 040 |
_aDO-SdBNP _bspa _cBNPHU _erda |
||
| 041 | _aspa | ||
| 082 |
_axxxx _bM778 _222 |
||
| 100 | 1 |
_aMontero, Anahay _eautora _4aut. _911346 |
|
| 245 | 1 | 4 |
_aLas huellas me enseñaron a vivir / _cAnahay Montero |
| 264 |
_aSanto Domingo : _bEditora Emanuel, _c[2025]. |
||
| 300 |
_a86 páginas _c22 cm. |
||
| 336 |
_atexto _btxt _2rdacontent |
||
| 337 |
_asin mediación _bn _2rdamedia |
||
| 338 |
_avolumen _bnc _2rdacarrier |
||
| 500 | _aIncluye datos biográficos de la autora en la contracubierta. | ||
| 520 | _aNo permitas que el mundo y sus golpes borren lo que Dios ha puesto en ti, avanza. Esfuérzate y sé valiente dice su palabra, que el Señor tu Dios estará contigo todos los días de tu vida. | ||
| 590 | _aInventariado, 2025/ YL | ||
| 910 | _aYLockward | ||
| 942 |
_2ddc _cLBS1 |
||
| 999 |
_c59753 _d59753 |
||